Handbook of constraint programming

Αποθηκεύτηκε σε:
Λεπτομέρειες βιβλιογραφικής εγγραφής
Άλλοι συγγραφείς: Rossi, Francesca 1962- (edtf), Van Beek, Peter (Επιμελητής έκδοσης), Walsh, Toby (Επιμελητής έκδοσης)
Μορφή: Βιβλίο
Γλώσσα:English
Δημοσίευση: Boston, MA : Elsevier, 2006.
Σειρά:Foundations of artificial intelligence
Θέματα:
Ετικέτες: Προσθήκη ετικέτας
Δεν υπάρχουν, Καταχωρήστε ετικέτα πρώτοι!

MARC

LEADER 00000cam a2200000 i 4500
001 1/62865
008 071113s2006 mau ||| | eng||
020 |a 9780444527264 
020 |a 0444527265 
035 |l 10092271 
040 |a GR-MyUA  |b gre  |e AACR2 
041 0 |a eng 
082 0 |a 005.116   |2 (22) 
245 1 0 |a Handbook of constraint programming /   |c edited by Francesca Rossi, Peter van Beek, Toby Walsh.  
260 |a Boston, MA :   |b Elsevier,   |c 2006.  
300 |a xix, 955 σ. ;   |c 25 εκ.  
490 1 |a (Foundations of artificial intelligence) 
504 |a Περιέχει βιβλιογραφικές παραπομπές.  
650 0 0 |a Constraint programming (Computer science) 
700 1 |a Rossi, Francesca  |d 1962-  |e edtf 
700 1 |a Van Beek, Peter,  |e edt 
700 1 |a Walsh, Toby,  |e edt 
830 0 |a Foundations of artificial intelligence 
852 |a INST  |b SAMOS  |e 20071113  |h 005.116 HAN  |p 005300027779  |q 005300027779  |t BK  |y 0 
901 |a BIBL3-2007-3 
909 |a Σ  |b 139960 
922 |a 3ΕΛΗ  |b 200710  |c ΕΠΕΑΕΚ2/ΤΜΠΕΣ  |d ΠΑΠΑΣΩΤΗΡΙΟΥ 
970 |a ΣΙΤΖΙΜΗ  |b ΓΙΑΣΕΜΗ  |z 2007/11/13